Dollar Land (Cumbernauld) Ltd v CIN Properties Ltd (Record no. 48634)
[ view plain ]
| 000 -LEADER | |
|---|---|
| fixed length control field | 01406cab a2200193 4500 |
| 001 - CONTROL NUMBER | |
| control field | X77357 |
| 008 - FIXED-LENGTH DATA ELEMENTS--GENERAL INFORMATION | |
| fixed length control field | 090401t1997 xxu||||| |||| 00| 0 eng d |
| 035 ## - SYSTEM CONTROL NUMBER | |
| System control number | (Sirsi) u77357 |
| 041 ## - LANGUAGE CODE | |
| Language code of text/sound track or separate title | eng |
| 245 ## - TITLE STATEMENT | |
| Title | Dollar Land (Cumbernauld) Ltd v CIN Properties Ltd |
| 260 ## - PUBLICATION, DISTRIBUTION, ETC. | |
| Date of publication, distribution, etc. | 1997 |
| 350 ## - PRICE (NR) (BK AM CF MU VM SE) [OBSOLETE] | |
| Price | 0 |
| 490 ## - SERIES STATEMENT | |
| Series statement | Scots Law Times |
| Volume/sequential designation | 1997 SLT 260-279(20) |
| 520 ## - SUMMARY, ETC. | |
| Summary, etc. | Extra Division. Lords Sutherland, Cullen and Rodger. 25 April 1996. Process - res judicata and competent and omitted - previous case with same parties in House of Lords on question of whether irritancy clause could be enforced - subsequent action in Court of Session dealing with whether irritancy clause governed matters so as to exclude claim for unjustified enrichment - whether identity of subject matter - whether pursuers should have raised claim as defence to previous action. Recompensse - irritancy of lease - rent payable agreed percentage of rents received by tenant from subtenants - subjects of lease developed and operated by landlord and predecessors of tenant - landlord enforcing irritancy clause for non-payment of rent - tenant claiming in respect of loss of entitlement to share in income from development - whether landlord unjustifiably enriched - whether tenant entitled to recompense. |
| 650 ## - SUBJECT ADDED ENTRY--TOPICAL TERM | |
| Topical term or geographic name entry element | COMMERCIAL LEASES |
| 690 ## - LOCAL SUBJECT ADDED ENTRY--TOPICAL TERM (OCLC, RLIN) | |
| Topical term or geographic name as entry element | LANDLORD AND TENANT-CASE LAW-BUSINESS TENANCIES |
| 942 ## - ADDED ENTRY ELEMENTS (KOHA) | |
| Suppress in OPAC | 0 |
| 948 ## - LOCAL PROCESSING INFORMATION (OCLC); SERIES PART DESIGNATOR (RLIN) | |
| c (OCLC) | 25/03/1997 |
| Withdrawn status | Lost status | Source of classification or shelving scheme | Damaged status | Not for loan | Home library | Current library | Shelving location | Date acquired | Total Checkouts | Full call number | Barcode | Date last seen | Copy number | Price effective from | Koha item type |
|---|---|---|---|---|---|---|---|---|---|---|---|---|---|---|---|
| Other/Generic Classification Scheme | London | London | Journal article | 14/09/1999 | X77357 | 77357-1001 | 06/08/2019 | 1 | 06/08/2019 | Law report |